000 00495nam a2200193Ia 4500
003 OSt
005 20220816093502.0
008 220816b |||||||| |||| 00| 0 eng d
020 _a0072397861
040 _cIFM Library
082 _a658.15
100 _aGarrison, Ray H.
_9731
245 _aManegerial Accounting
260 _aBoston:
_bIrwin/McGraw-Hill
_c2000
300 _axxxv,923p.: ill.;23cm
500 _aincludes Index
650 _aManagerial Accounting
_91414
942 _cBK
_2ddc
_n0
999 _c8019
_d8019